000 01218nam a2200301 i 4500
001 146898
003 ES-MaACL
005 20240307182152.0
007 t|
008 210812s2011 sp ao 00110 spa d
020 _a978-84-95793-05-8
080 _a796.332:061.237(460)
080 _a796.332.093.1
100 1 _aArnáiz Arizmendi, Luis.
_9173178
245 1 0 _aEspaña, campeón del Mundo 2010 :
_bhistoria de un sueño que se hizo realidad /
_cLuis Arnáiz ; fotografías, Carmelo Rubio, Jorge Fernández.
260 _a[Las Rozas, Madrid] :
_bReal Federación Española de Fútbol,
_c[2011]
300 _a544 p. :
_bil. col., fot. ;
_c31 cm.
610 2 4 _aSelección Nacional Española de Fútbol.
_9157820
611 2 4 _aCampeonato Mundial de Fútbol
_d(2010.
_cSudáfrica)
_9173179
650 4 _aFútbol-
_zEspaña.
_9157821
700 1 _aRubio Sánchez, Carmelo.
_9173180
700 1 _aFernández, Jorge
_c(fotógrafo)
_9173181
710 2 _aReal Federación Española de Fútbol.
_9173182
852 4 _aES-MaACL
_jA-14704
_9152184
_bR.151992
_cDEPO1
_dOlim: N-7704
_hDonación: José Lázaro
903 _9234219
_aLázaro García, José
_ednr
942 _2udc
_cMONOGRAFIA
999 _c146898
_d146898